000 00386nam a2200145Ia 4500
008 231129s1997||||xx |||||||||||||| ||spa||
020 _a958-9261-28-0
040 _bspa
082 _aR 612.60223 C965a
100 _aCuerda J.
245 0 _aAtlas de sexualidad
260 _c1997
264 _aPrograma Educativo Visual-Iatros.
942 _2ddc
_cBKS
999 _c5822
_d5822